Construction output and employment (Record no. 71109)

MARC details
000 -LEADER
fixed length control field 01141cam a2200229 4500
001 - CONTROL NUMBER
control field WB3833-03
008 - FIXED-LENGTH DATA ELEMENTS--GENERAL INFORMATION
fixed length control field 020909n2002 000 0 eng u
035 ## - SYSTEM CONTROL NUMBER
System control number (Sirsi) u119593
245 ## - TITLE STATEMENT
Title Construction output and employment
260 ## - PUBLICATION, DISTRIBUTION, ETC.
Date of publication, distribution, etc. 2002
490 ## - SERIES STATEMENT
Series statement DTI Press Release
Volume/sequential designation (OEC-Q202) 6 September 2002 (2)
520 ## - SUMMARY, ETC.
Summary, etc. Total volume of construction output in the year to the second quarter of 2002 rose by 7% compared with the previous 12 months. Both new work and repair and maintenance work rose overall in the same period. Output in the second quarter 2002 rose by 1% in volume terms and 3% in current prices compared with the first quarter of 2002. Tables are available from http://www.dti.gov.uk/construction/stats/060902/pressrel060902.htm http://www.nds.coi.gov.uk/coi/coipress.nsf/4eb388ccc4bff3e880256bf4003360fb/f5cda943fc8766d880256c2c002f97c0?OpenDocument
590 ## - LOCAL NOTE (RLIN)
Local note WB
650 ## - SUBJECT ADDED ENTRY--TOPICAL TERM
Topical term or geographic name entry element CONSTRUCTION OUTPUT
650 ## - SUBJECT ADDED ENTRY--TOPICAL TERM
Topical term or geographic name entry element CONSTRUCTION WORK
650 ## - SUBJECT ADDED ENTRY--TOPICAL TERM
Topical term or geographic name entry element CONSTRUCTION EMPLOYMENT
650 ## - SUBJECT ADDED ENTRY--TOPICAL TERM
Topical term or geographic name entry element NEW WORK
650 ## - SUBJECT ADDED ENTRY--TOPICAL TERM
Topical term or geographic name entry element REPAIR WORK
650 ## - SUBJECT ADDED ENTRY--TOPICAL TERM
Topical term or geographic name entry element MAINTENANCE WORKS
690 ## - LOCAL SUBJECT ADDED ENTRY--TOPICAL TERM (OCLC, RLIN)
Topical term or geographic name as entry element BUILT ENVIRONMENT
942 ## - ADDED ENTRY ELEMENTS (KOHA)
Suppress in OPAC 0
Holdings
Withdrawn status Lost status Source of classification or shelving scheme Damaged status Not for loan Home library Current library Shelving location Date acquired Total Checkouts Full call number Barcode Date last seen Copy number Price effective from Koha item type
    Dewey Decimal Classification     London London News article 09/09/2002   WB3833-03 119593-1001 06/08/2019 1 06/08/2019 News article